Sustainable development of European cities and regions

Αποθηκεύτηκε σε:
Λεπτομέρειες βιβλιογραφικής εγγραφής
Άλλοι συγγραφείς: Vonkeman, Gerrit H. (Επιμελητής έκδοσης)
Μορφή: Βιβλίο
Γλώσσα:English
Δημοσίευση: Dordrecht, Netherlands ; Boston : Kluwer Academic Publishers, c2000
Σειρά:Environment & policy ; ; 26
Θέματα:
Ετικέτες: Προσθήκη ετικέτας
Δεν υπάρχουν, Καταχωρήστε ετικέτα πρώτοι!

MARC

LEADER 00000cam a2200000 i 4500
001 1/38593
008 061201s2000 eng d
020 |a 0-7923-6423-6 
035 |l 10086383 
040 |a GR-MY-UA  |b gre  |e aacr 
041 0 |a eng 
082 0 |a 338.94  |2 (22) 
245 1 0 |a Sustainable development of European cities and regions /  |c edited by Gerrit H. Vonkeman 
260 |a Dordrecht, Netherlands ; Boston :   |b Kluwer Academic Publishers,   |c c2000 
300 |a vi, 300 σ.;  |c 25 εκ. 
490 1 |a Environment & policy  |v ; 26 
504 |a Βιβλιογραφία: σ. 287-300 
650 0 0 |a Sustainable development. 
650 0 0 |a Sustainable development  |z Europe. 
700 1 |a Vonkeman, Gerrit H.  |4 edt 
830 0 |a Environment & policy ;  |v ; 26 
852 |a INST  |b LESVOS  |e 20061201  |h 338.94 SUS  |p 005100036670  |q 005100036670  |t BK  |y 0 
901 |a BIBL1-2006-3 
970 |a ΒΑΡΚΑ  |b ΕΛΕΥΘΕΡΙΑ  |z 2006/12/01